The end of poverty : (Record no. 3647)

MARC details
000 -LEADER
fixed length control field 00788cam a2200229 4500
001 - CONTROL NUMBER
control field 4410
005 - DATE AND TIME OF LATEST TRANSACTION
control field 20181127173336.0
008 - FIXED-LENGTH DATA ELEMENTS--GENERAL INFORMATION
fixed length control field 041213s2005 nyuab b 001 0 eng
010 ## - LIBRARY OF CONGRESS CONTROL NUMBER
LC control number 2004065942
020 ## - INTERNATIONAL STANDARD BOOK NUMBER
International Standard Book Number 9780141018669
Terms of availability
Canceled/invalid ISBN
042 ## - AUTHENTICATION CODE
Authentication code pcc
043 ## - GEOGRAPHIC AREA CODE
Geographic area code d------
100 1# - MAIN ENTRY--PERSONAL NAME
Personal name Sachs, Jeffrey.
245 14 - TITLE STATEMENT
Title The end of poverty :
Remainder of title economic possibilities for our time /
Statement of responsibility, etc. Jeffrey D. Sachs.
260 ## - PUBLICATION, DISTRIBUTION, ETC.
Place of publication, distribution, etc. New York :
Name of publisher, distributor, etc. Penguin Press,
Date of publication, distribution, etc. 2005.
300 ## - PHYSICAL DESCRIPTION
Extent xviii, 396 p. :
Other physical details ill. (some col.), col. maps ;
Dimensions 25 cm.
504 ## - BIBLIOGRAPHY, ETC. NOTE
Bibliography, etc. note Includes bibliographical references and index.
650 #0 - SUBJECT ADDED ENTRY--TOPICAL TERM
Topical term or geographic name entry element Economic assistance
Geographic subdivision Developing countries.
Topical term or geographic name entry element Poverty
Geographic subdivision Developing countries.
651 #0 - SUBJECT ADDED ENTRY--GEOGRAPHIC NAME
Geographic name Developing countries
General subdivision Economic conditions.
Geographic name Developing countries
General subdivision Economic policy.
Holdings
Withdrawn status Lost status Source of classification or shelving scheme Damaged status Not for loan Collection code Home library Current library Shelving location Date acquired Serial Enumeration / chronology Inventory number Total Checkouts Full call number Barcode Date last seen Date last checked out Price effective from Koha item type
    Dewey Decimal Classification     Main TEST RTC Library RTC Library Main opac 22/08/2022 7986 3 339.4 SAC 30006965 06/09/2022 22/08/2022 27/11/2018 Main
Royal Thimphu College || All Right Reserved